| 000 | 00714nam a2200229 a 4500 | ||
|---|---|---|---|
| 005 | 20210223120421.0 | ||
| 008 | 991125s1990 es 000 0 spa u | ||
| 020 | _a8432994170 | ||
| 035 | _aUPN01000000641 | ||
| 049 | _aCG | ||
| 050 | 4 |
_aLC4015 _bM3.38 1990 |
|
| 100 | 1 | _aMajor, Suzanne | |
| 245 | 1 | 0 |
_aActividades para niños con problemas de aprendizaje / _cSuzanne Mayor, Mary Ann Walsh. |
| 250 | _a4a ed. | ||
| 260 |
_aBarcelona [Esp.] : _bCEAC, _c1990. |
||
| 300 |
_a131 p. : _bil. |
||
| 440 | 0 | _aEducación y enseñanza | |
| 534 |
_pTraducción de: _tLearning activities for the learning disabled |
||
| 650 | 4 |
_aNIÑOS DE LENTO APRENDIZAJE _910314 |
|
| 700 | 1 |
_aWalsh, Mary Ann, _ecoaut. |
|
| 905 | _aLibro | ||
| 999 |
_c641 _d641 |
||